Výroba odliatkov s vysokou integritou

Guardado en:
Detalles Bibliográficos
Autor principal: Fabó, Erik (Autor)
Otros Autores: Vanko, Branislav (Orientador)
Formato: Manuscrito Libro
Lenguaje:eslovaco
Publicado: 2020
Materias:
Acceso en línea:http://is.stuba.sk/zp/portal_zp.pl?podrobnosti=143344
Etiquetas: Agregar Etiqueta
Sin Etiquetas, Sea el primero en etiquetar este registro!

MARC

LEADER 00000ntm a22000003a 4500
001 stuzp80808
003 SK-STU
005 20200711211043.1
007 ta
008 150427s2015----xo-----f-mn---000-0-slo-d
040 |a STU  |b slo 
041 0 |a slo 
100 1 |a Fabó, Erik  |u 020050  |4 aut  |U SjF Strojnícka fakulta  |T SjF Ústav technológií a materiálov  |X 92836  |U J0050  |Y 803  |7 92836 
242 0 1 |a Production of high integrity castings  |y eng 
245 1 0 |a Výroba odliatkov s vysokou integritou 
260 |c 2020 
650 4 |a High Pressure Die Casting  |2 eng 
650 4 |a gas porosity  |2 eng 
650 4 |a casting defects  |2 eng 
650 4 |a Semi-Solid Metal Casting  |2 eng 
650 4 |a Squeeze Casting  |2 eng 
650 4 |a odlievanie kovov a zliatin v čiastočné tuhom stave  |2 slo 
650 4 |a chyby odliatkov  |2 slo 
650 4 |a liatie s kryštalizáciou pod tlakom  |2 slo 
650 4 |a vysokotlakové liatie  |2 slo 
650 4 |a plynná pórovitosť  |2 slo 
700 1 |a Vanko, Branislav  |u 020050  |k Z1  |4 ths  |U SjF Strojnícka fakulta  |T SjF Ústav technológií a materiálov  |X 22241  |U J0050  |Y 803  |7 A000022241 
856 4 |u http://is.stuba.sk/zp/portal_zp.pl?podrobnosti=143344 
996 |b 284J046411  |c J* 3201/DBP  |l JJSK  |s A  |a 24  |w stuzp80808_0001